Online
Catalog

Don Diego de Saavedra y Fajardo y la diplomacia de su época : (Record no. 2382)

MARC details
000 -CABECERA
campo de control de longitud fija 00923cam a2200217 a 4500
001 - NÚMERO DE CONTROL
campo de control 000002546
005 - FECHA Y HORA DE LA ÚLTIMA TRANSACCIÓN
campo de control 20200929150218.0
008 - DATOS DE LONGITUD FIJA--INFORMACIÓN GENERAL
campo de control de longitud fija 760610m19551956sp 000 0dspa c
040 ## - FUENTE DE LA CATALOGACIÓN
Centro catalogador/agencia de origen DO-SdBNP
Lengua de catalogación spa
Centro/agencia transcriptor BNPHU
082 ## - NÚMERO DE LA CLASIFICACIÓN DECIMAL DEWEY
Número de clasificación 923.946
Número de documento/Ítem S112F
100 1# - ENTRADA PRINCIPAL--NOMBRE DE PERSONA
Nombre de persona Fraga Iribarne, Manuel,
Fechas asociadas al nombre 1922-
9 (RLIN) 8003
245 10 - MENCIÓN DE TÍTULO
Título Don Diego de Saavedra y Fajardo y la diplomacia de su época :
Resto del título o subir o bajar /
Mención de responsabilidad, etc. Manuel Fraga Iribarne.
260 ## - PUBLICACIÓN, DISTRIBUCIÓN, ETC.
Lugar de publicación, distribución, etc. Madrid :
Nombre del editor, distribuidor, etc. [Dirección General de Relaciones Culturales del Ministerio de Asuntos Exteriores],
Fecha de publicación, distribución, etc. 1955.
300 ## - DESCRIPCIÓN FÍSICA
Extensión 707 p. ;
Dimensiones 21 cm.
490 1# - MENCIÓN DE SERIE
Mención de serie Academia ˝Alfonso X el sabio˝
504 ## - NOTA DE BIBLIOGRAFÍA, ETC.
Nota de bibliografía, etc. Incluye referencias bibliográficas y notas al pie de las páginas.
500 ## - NOTA GENERAL
Nota general En la cubierta: Academia "Alfonso X El Sabio," Murcia.
600 14 - PUNTO DE ACCESO ADICIONAL DE MATERIA--NOMBRE DE PERSONA
Nombre de persona SAAVEDRA FAJARDO, DIEGO DE,
Fechas asociadas al nombre 1584-1648.
9 (RLIN) 8004
651 #4 - PUNTO DE ACCESO ADICIONAL DE MATERIA--NOMBRE GEOGRÁFICO
Nombre geográfico España
Subdivisión general Relaciones Exteriores
9 (RLIN) 8005
830 #0 - PUNTO DE ACCESO ADICIONAL DE SERIE-TÍTULO UNIFORME
Título uniforme Academia ˝Alfonso X el sabio˝.
9 (RLIN) 8006
Holdings
Estado de retiro Estado de pérdida Restricciones de uso No para préstamo Código de colección Localización permanente Ubicación/localización actual Ubicación en estantería Fecha de adquisición Número de inventario Total de préstamos Signatura topográfica completa Código de barras Fecha visto por última vez Precio válido a partir de Tipo de ítem Koha
        Monografías: Libros y Folletos General General En catalogación 23.03.2010 LF1   923.946 S112F 2546-10 25.06.2020 25.06.2020 Préstamo en sala

Powered by Koha